Электронный курс: от разработки к реализации учебного процесса (на основе LMS Moodle) (СО): электронный курс

Λεπτομέρειες βιβλιογραφικής εγγραφής
Συγγραφή απο Οργανισμό/Αρχή: Национальный исследовательский Томский политехнический университет Институт электронного обучения Кафедра технологий и педагогики электронного обучения
Άλλοι συγγραφείς: Ситникова О. В. Оксана Валерьевна, Решетникова С. Л. Светлана Леонидовна, Лобаненко О. Б. Ольга Борисовна, Велединская С. Б. Светлана Борисовна
Περίληψη:Заглавие с экрана
Онлайн-курс содержит материалы по методике изучения дополнительной образовательной программы "Электронный курс: от разработки к реализации электронного обучения", которые направлены на формирование способностей разработки электронного курса по дисциплине с использованием инструментов LMS Moodle, а также организации учебного процесса по дисциплине на базе электронного курса.
Доступ по логину и паролю
Γλώσσα:Ρωσικά
Έκδοση: Томск, TPU Moodle, 2017
Θέματα:
Διαθέσιμο Online:https://design.lms.tpu.ru/course/view.php?id=1989
Μορφή: Ηλεκτρονική πηγή Βιβλίο
KOHA link:https://koha.lib.tpu.ru/cgi-bin/koha/opac-detail.pl?biblionumber=658277

MARC

LEADER 00000nlm0a2200000 4500
001 658277
005 20240214110627.0
035 |a (RuTPU)RU\TPU\network\25913 
090 |a 658277 
100 |a 20180921d2017 m y0rusy50 ca 
101 0 |a rus 
102 |a RU 
105 |a a j 000zy 
135 |a jrcn ---uucaa 
181 0 |a i  
182 0 |a b 
200 1 |a Электронный курс: от разработки к реализации учебного процесса (на основе LMS Moodle) (СО)  |e электронный курс  |f О. В. Ситникова, С. Л. Решетникова, О. Б. Лобаненко, С. Б. Велединская  |g Национальный исследовательский Томский политехнический университет, Институт электронного обучения, Кафедра технологий и педагогики электронного обучения 
203 |a Текст  |c электронный 
210 |a Томск  |c TPU Moodle  |d 2017 
300 |a Заглавие с экрана 
330 |a Онлайн-курс содержит материалы по методике изучения дополнительной образовательной программы "Электронный курс: от разработки к реализации электронного обучения", которые направлены на формирование способностей разработки электронного курса по дисциплине с использованием инструментов LMS Moodle, а также организации учебного процесса по дисциплине на базе электронного курса. 
333 |a Доступ по логину и паролю 
606 1 |a Электронные учебники  |2 stltpush  |3 (RuTPU)RU\TPU\subj\60231  |9 77667 
610 1 |a электронный ресурс 
610 1 |a труды учёных ТПУ 
610 1 |a электронные учебные пособия 
610 1 |a учебные пособия 
610 1 |a Moodle 
610 1 |a e-learning 
610 1 |a LMS 
686 |a Ч481.23  |2 rubbk 
701 1 |a Ситникова  |b О. В.  |c специалист в области информатики и вычислительной техники  |c ведущий программист, доцент Томского политехнического университета, кандидат технических наук  |f 1978-  |g Оксана Валерьевна  |3 (RuTPU)RU\TPU\pers\26874  |9 12491 
701 1 |a Решетникова  |b С. Л.  |c специалист в области информатики и вычислительной техники  |c ведущий программист, старший преподаватель Томского политехнического университета  |f 1972-  |g Светлана Леонидовна  |3 (RuTPU)RU\TPU\pers\26873  |9 12490 
701 1 |a Лобаненко  |b О. Б.  |c специалист в области электронного обучения  |c ведущий программист, старший преподаватель Томского политехнического университета  |f 1961-  |g Ольга Борисовна  |3 (RuTPU)RU\TPU\pers\26871  |9 12488 
701 1 |a Велединская  |b С. Б.  |c лингвист  |c доцент Томского политехнического университета, кандидат филологических наук  |f 1966-  |g Светлана Борисовна  |3 (RuTPU)RU\TPU\pers\24560 
712 0 2 |a Национальный исследовательский Томский политехнический университет  |b Институт электронного обучения  |b Кафедра технологий и педагогики электронного обучения  |3 (RuTPU)RU\TPU\col\20233 
801 2 |a RU  |b 63413507  |c 20211217  |g RCR 
856 4 |u https://design.lms.tpu.ru/course/view.php?id=1989 
942 |c CF